| 000 | nam a22 7a 4500 | ||
|---|---|---|---|
| 999 |
_c16395 _d16395 |
||
| 008 | 161110b xxu||||| |||| 00| 0 eng d | ||
| 020 | _a0314288341 | ||
| 020 | _a9780314288349 | ||
| 050 | _aKF 1414 .M65 1985 | ||
| 100 | _aMoll, Douglas K. | ||
| 245 |
_aCorporations and other business associations : _bstatutes, rules, and forms, 2013/ _cDouglas K. Moll |
||
| 250 | _a2013 ed. | ||
| 260 |
_bWest Group (Law), _c2013. |
||
| 300 |
_avi, 2099p. : _bill. ; _c25cm. |
||
| 650 |
_aCorporation law _xUnited States. |
||
| 942 |
_2lcc _cBOOKS _hKF 1414 .M65 1985 |
||